The noble scholar, jurist, historian


 His Excellency Dr. Abdul Wahhab bin Ibrahim Abu Sulaiman, may Allah have mercy on him.


 He was born in Umm Al-Qura in the year 1356 AH.

دراسات ورسائل في تاريخ المدينة المنورة / (Record no. 11492)

MARC details
000 -LEADER
fixed length control field 01880cam a2200313 i 4500
003 - CONTROL NUMBER IDENTIFIER
control field SA-RiAUC
005 - DATE AND TIME OF LATEST TRANSACTION
control field 20250907132925.0
008 - FIXED-LENGTH DATA ELEMENTS--GENERAL INFORMATION
fixed length control field 250905s2009 ua f b 00010 ara c
020 ## - INTERNATIONAL STANDARD BOOK NUMBER
International Standard Book Number 9776048595
024 0# - OTHER STANDARD IDENTIFIER
Standard number or code 00000000698559
040 ## - CATALOGING SOURCE
Original cataloging agency SA-MaUQU
Language of cataloging ara
Transcribing agency SA-RiAUC
Modifying agency KAC
Description conventions rda
043 ## - GEOGRAPHIC AREA CODE
Geographic area code a-su---
050 #4 - LIBRARY OF CONGRESS CALL NUMBER
Item number I83 2009
082 04 - DEWEY DECIMAL CLASSIFICATION NUMBER
Classification number 953.122
Assigning agency SA-RiAUC
090 ## - LOCALLY ASSIGNED LC-TYPE CALL NUMBER (OCLC); LOCAL CALL NUMBER (RLIN)
Classification number (OCLC) (R) ; Classification number, CALL (RLIN) (NR) 953.122
Local cutter number (OCLC) ; Book number/undivided call number, CALL (RLIN) ع ي س
100 1# - MAIN ENTRY--PERSONAL NAME
Personal name عيسى، عبد الرازق عبد الرازق،
Dates associated with a name 1968-
Relator term مؤلف.
245 10 - TITLE STATEMENT
Title دراسات ورسائل في تاريخ المدينة المنورة /
Statement of responsibility, etc. الدكتور عبد الرازق عبد الرازق عيسى.
250 ## - EDITION STATEMENT
Edition statement الطبعة الأولى.
264 #1 - PRODUCTION, PUBLICATION, DISTRIBUTION, MANUFACTURE, AND COPYRIGHT NOTICE
Place of production, publication, distribution, manufacture القاهرة :
Name of producer, publisher, distributor, manufacturer مكتبة دار القاهرة،
Date of production, publication, distribution, manufacture, or copyright notice 2009.
300 ## - PHYSICAL DESCRIPTION
Extent 449 صفحة ؛
Dimensions 24 × 17 سم
336 ## - CONTENT TYPE
Content type term نص
Content type code txt
Source rdacontent
Materials specified كتاب
337 ## - MEDIA TYPE
Media type term بدون وسيط
Media type code n
Source rdamedia
338 ## - CARRIER TYPE
Carrier type term مجلد
Carrier type code nc
Source rdacarrier
504 ## - BIBLIOGRAPHY, ETC. NOTE
Bibliography, etc. note يشتمل على إرجاعات ببليوجرافية.
520 ## - SUMMARY, ETC.
Summary, etc. يتناول كتاب (دراسات ورسائل في تاريخ المدينة المنورة) والذي قام بتأليفه (عبد الرازق عبد الرازق عيسى) في حوالي (449) صفحة من القطع المتوسط موضوع (أحوال اجتماعية المدينة المنورة) مستعرضا أبرز المحتويات التالية : المدينة في القرآن الكريم، إلماحه على مؤرخي المدينة المنورة، موارد نور الدين المسهودي في كتابة وفاء والوفاء، الحياة الاجتماعية في المدينة المنورة في العصر العثماني.
651 #7 - SUBJECT ADDED ENTRY--GEOGRAPHIC NAME
Geographic name المدينة المنورة
General subdivision أحوال اجتماعية
-- تاريخ
Source of heading or term aucsh
942 ## - ADDED ENTRY ELEMENTS (KOHA)
Source of classification or shelving scheme Dewey Decimal Classification
Koha item type Books
Suppress in OPAC No
949 ## - LOCAL PROCESSING INFORMATION (OCLC)
a SA-JeALM
d 250905
u mohamedma123
n 1
Holdings
Withdrawn status Lost status Source of classification or shelving scheme Damaged status Not for loan Home library Current library Date acquired Total checkouts Full call number Barcode Date last seen Price effective from Koha item type
    Dewey Decimal Classification     DR AbdElwahab Library DR AbdElwahab Library 09/07/2025   953.122 ع ي س 000018546 09/07/2025 09/07/2025 Books